Application of finite-element analysis in the deisgn of automotive elastomeric components (1988 short reviews) (Record no. 54362)

MARC details
000 -LEADER
fixed length control field 00468nam a2200145Ia 4500
100 ## - MAIN ENTRY--AUTHOR NAME
Personal name Morman Kenneth N
245 #0 - TITLE STATEMENT
Title Application of finite-element analysis in the deisgn of automotive elastomeric components (1988 short reviews)
260 ## - PUBLICATION, DISTRIBUTION, ETC. (IMPRINT)
Name of publisher Rubber Chemistry and Technology
Year of publication 1988
300 ## - PHYSICAL DESCRIPTION
Number of Pages 503-533
650 ## - SUBJECT ADDED ENTRY--TOPICAL TERM
Topical Term 1988 short reviews
650 ## - SUBJECT ADDED ENTRY--TOPICAL TERM
Topical Term Finite-element analysis
700 ## - ADDED ENTRY--PERSONAL NAME
Personal name Pan Tsung Y
942 ## - ADDED ENTRY ELEMENTS (KOHA)
Koha item type Journals
Holdings
Withdrawn status Lost status Damaged status Not for loan Home library Current library Shelving location Date acquired Serial Enumeration / chronology Koha item type
      Journals RRII Library RRII Library Rubber chemistry 17/12/2021 Volume 61, Issue 3 Journals